000 00418nam a22001697a 4500
003 OSt
008 250801b |||||||| |||| 00| 0 eng d
020 _a9788172345365
082 _a294.5092 YOA
100 _aYOGANANDA, Paramahansa
245 _aAutobiography of A Yogi
250 _a1st. ed.,
260 _aNew Delhi,
_bFingerprint Publishing,
_c2024,
300 _a512 p.
650 _aEnglish
942 _2ddc
_cBK
999 _c13679
_d13679